Statistics evidence-based practice in nursing / (Record no. 18533)
[ view plain ]
| 000 -LEADER | |
|---|---|
| fixed length control field | 00834nam a22002537a 4500 |
| 005 - DATE AND TIME OF LATEST TRANSACTION | |
| control field | 20150328140641.0 |
| 008 - FIXED-LENGTH DATA ELEMENTS--GENERAL INFORMATION | |
| fixed length control field | 141102t2014 maua frd 001 0 eng d |
| 020 ## - INTERNATIONAL STANDARD BOOK NUMBER | |
| International Standard Book Number | 9781449686697 |
| 040 ## - CATALOGING SOURCE | |
| Original cataloging agency | EG-ScBUE |
| 082 00 - DEWEY DECIMAL CLASSIFICATION NUMBER | |
| Edition number | 22 |
| Classification number | 610.73 |
| Item number | KIM |
| 100 1# - MAIN ENTRY--PERSONAL NAME | |
| Personal name | Kim, MyoungJin. |
| 9 (RLIN) | 36406 |
| 245 10 - TITLE STATEMENT | |
| Title | Statistics evidence-based practice in nursing / |
| Statement of responsibility, etc | MyoungJin Kim, Caroline Mallory. |
| 260 ## - PUBLICATION, DISTRIBUTION, ETC. (IMPRINT) | |
| Place of publication, distribution, etc | Burlington : |
| Name of publisher, distributor, etc | Jones & Bartlett Learning, |
| Date of publication, distribution, etc | c.2014. |
| 300 ## - PHYSICAL DESCRIPTION | |
| Extent | xvii, 394 p. : |
| Other physical details | ill. ; |
| Dimensions | 23 cm. |
| 500 ## - GENERAL NOTE | |
| General note | Includes appendixes. |
| 500 ## - GENERAL NOTE | |
| General note | Glossary : p. 377-383. |
| 500 ## - GENERAL NOTE | |
| General note | Index : p. 385-394. |
| 500 ## - GENERAL NOTE | |
| General note | Includes online access code. |
| 650 #0 - SUBJECT ADDED ENTRY--TOPICAL TERM | |
| 9 (RLIN) | 27247 |
| Topical term or geographic name as entry element | Evidence-based nursing. |
| 653 ## - INDEX TERM--UNCONTROLLED | |
| Resource For college | Nursing |
| Arrived date list | November2014 |
| -- | March2015 |
| 655 ## - INDEX TERM--GENRE/FORM | |
| Form subdivision | |
| -- | 34232 |
| 700 1# - ADDED ENTRY--PERSONAL NAME | |
| 9 (RLIN) | 36407 |
| Personal name | Mallory, Caroline. |
| 942 ## - ADDED ENTRY ELEMENTS (KOHA) | |
| Source of classification or shelving scheme | Dewey Decimal Classification |
| Call number prefix | 610.73 KIM |
| Withdrawn status | Item status | Source of classification or shelving scheme | Damaged status | Not for loan | Vendor | Home library | Current library | Shelving location | Date acquired | Source of acquisition | Cost, normal purchase price | Serial Enumeration / chronology | Total Checkouts | Total Renewals | Full call number | Barcode | Date last seen | Date last borrowed | Cost, replacement price | Koha item type |
|---|---|---|---|---|---|---|---|---|---|---|---|---|---|---|---|---|---|---|---|---|
| Dewey Decimal Classification | Baccah | Central Library | Central Library | First floor | 03/11/2014 | 322.00 | 20526 | 3 | 42 | 610.73 KIM | 000036902 | 15/07/2025 | 24/02/2024 | 402.50 | Book - Borrowing | |||||
| Dewey Decimal Classification | Baccah | Central Library | Central Library | First floor | 28/03/2015 | 322.00 | 22358 | 3 | 22 | 610.73 KIM | 000037827 | 15/07/2025 | 25/07/2019 | 402.50 | Book - Borrowing | |||||
| Dewey Decimal Classification | Baccah | Central Library | Central Library | First floor | 28/03/2015 | 322.00 | 22358 | 610.73 KIM | 000037828 | 15/07/2025 | 402.50 | Book - Borrowing |